000
00249nam a22001097a 4500
082
_a
629.25 ENG'S
100
_a
SENTER, TOM
_9
75470
245
_a
ENGINE ANNUAL POPULAR HOT RODDING'S
260
_a
NEWYORK
_b
ARGUS
_c
1982
300
_a
98P
942
_c
BK
999
_c
580874
_d
580874